Lo que debes conocer de la eutanasia / (Record no. 196048)

MARC details
000 -LEADER
campo de control de longitud fija 00868nam a22002535a 4500
001 - NÚMERO DE CONTROL
campo de control 196048
003 - IDENTIFICADOR DE NÚMERO DE CONTROL
campo de control ES-MaACL
005 - FECHA Y HORA DE LA ÚLTIMA TRANSACCIÓN
campo de control 20250428063009.0
008 - DATOS DE LONGITUD FIJA--INFORMACIÓN GENERAL
campo de control de longitud fija 240810s2022 sp ||||| |||| 00| 0 spa d
020 ## - NÚMERO INTERNACIONAL ESTÁNDAR DEL LIBRO
Número Internacional Estándar del Libro 9798799634681
040 ## - FUENTE DE CATALOGACIÓN
Centro/agencia transcriptor ES-MaACL
100 ## - ENTRADA PRINCIPAL--NOMBRE DE PERSONA
Nombre de persona Ortiz-Gonçalves, Belén
9 (RLIN) 238049
Término indicativo de función/relación Autor
245 ## - MENCIÓN DEL TÍTULO
Título Lo que debes conocer de la eutanasia /
Mención de responsabilidad, etc. Belén Ortiz-Gonçalves.
260 ## - PUBLICACIÓN, DISTRIBUCIÓN, ETC.
Lugar de publicación, distribución, etc. Polonia :
Nombre del editor, distribuidor, etc. Amazon,
Fecha de publicación, distribución, etc. 2022.
300 ## - DESCRIPCIÓN FÍSICA
Extensión 160 pág. :
Dimensiones 23 cm.
336 ## - TIPO DE CONTENIDO
Fuente rdacontent
Término de tipo de contenido Texto
337 ## - TIPO DE MEDIO
Fuente rdamedia
Nombre/término del tipo de medio sin mediación
338 ## - TIPO DE SOPORTE
Fuente rdacarrier
Nombre/término del tipo de soporte volumen
852 ## - LOCALIZACIÓN
Ubicación ES-MaACL
Sublocalización o colección R.153462
Ubicación en estantería Depósito J
Número de control de estantería N-9175
Donativo/Legado Donación: Editorial
Encuadernación Encuadernación rústica
itemnumber 205080
942 ## - ELEMENTOS DE ENTRADA SECUNDARIOS (KOHA)
Tipo de ítem Koha Libro impreso
Suprimir en OPAC No
Holdings
Estatus retirado Estado de pérdida Fuente del sistema de clasificación o colocación Estado de daño No para préstamo Biblioteca de origen Biblioteca actual Ubicación en estantería Fecha de adquisición Fuente de adquisición Total de préstamos Signatura topográfica completa Código de barras Visto por última vez Precio de reemplazo Tipo de ítem Koha
    Clasificación decimal universal     Biblioteca del Ateneo de Madrid Biblioteca del Ateneo de Madrid Depósito J 26/04/2025 Donación   N-9175 101229915 26/04/2025 26/04/2025 Libro impreso